Acteurs ayant gagné un César de A à Z - Statistiques

Statistiques générales
  • Ce quiz a été pris 52 fois
  • Le résultat moyen est 8 sur 21
Statistiques - réponses
Lettres Acteurs % Correct
D André Dussollier / Jacques Dutronc / Gérard Depardieu / Alain Delon / Jean-Pierre Darroussin / Jacques Dufilho / Pierre Deladonchamps / Grégori Derangère / Guillaume Depardieu
81%
N Pierre Niney / Philippe Noiret
79%
C Vincent Cassel / François Cluzet / Coluche / Clovis Cornillac / Darry Cowl / Jean Carmet / Patrick Chesnais / Éric Caravaca / Alain Chabat
71%
B Sami Bouajila / Michel Bouquet / Adrien Brody / Jean-Paul Belmondo / Richard Bohringer / Claude Brasseur / Michel Blanc / François Berléand / Jean-Pierre Bacri / Jean-Claude Brialy / Michel Boujenah / Jean Bouise / Bastien Bouillon / Manuel Blanc / Isaach de Bankolé
67%
L Laurent Lafitte / Alex Lutz / Vincent Lindon / Sergi López / Gérard Lanvin / Pierre Lottin / Christophe Lambert / Philippe Léotard / Bouli Lanners / Vincent Lacoste / Michael Lonsdale / Bernard Le Coq / Fabrice Luchini / Jalil Lesper / Karim Leklou
60%
S Omar Sy / Omar Sharif / Michel Serrault / Niels Schneider / Matthias Schoenaerts / Laurent Stocker / Robinson Stévenin / Emmanuel Salinger / Wadeck Stanczak / Abou Sangaré
60%
M Benoît Magimel / Nicolas Marié / Kad Merad / Eddy Mitchell / Guy Marchand / Alexis Manenti / Stanislas Merhar / Olivier Martinez / Christophe Malavoy
55%
R Tahar Rahim / Claude Rich / Jean Rochefort / Antoine Reinartz / Jean-Paul Roussillon / Dylan Robert / Édgar Ramírez / Jean-Paul Rouve / Pierre-Loup Rajot
55%
A Swann Arlaud / Mathieu Amalric / Daniel Auteuil / Pierre Arditi / Niels Arestrup / Jean-Hugues Anglade / Richard Anconina / Kévin Azaïs / Yvan Attal
45%
U Gaspard Ulliel
40%
Z Roschdy Zem / Jean-Pascal Zadi / Malik Zidi
40%
G Guillaume Gallienne / Michel Galabru / Grégory Gadebois / Marc-André Grondin / Louis Garrel
29%
K Philippe Katerine / Reda Kateb / Mathieu Kassovitz
29%
E Éric Elmosnino
26%
Q Raphaël Quenard
26%
T Jean-Louis Trintignant / Philippe Torreton / James Thierrée / Guillaume de Tonquédec / Gérald Thomassin
21%
V Jacques Villeret / Benjamin Voisin
21%
W Arieh Worthalter / Jacques Weber
17%
H Robert Hirsch
12%
P Daniel Prévost / Nahuel Pérez Biscayart / Rod Paradot / Bruno Putzulu / Théodore Pellerin
5%
F Stéphane Freiss / Thierry Frémont
5%
Aucun quiz correspondant
Distribution des résultats
% des personnes avec chaque résultat
Percentile par nombre de réponses
Votre historique - résultats
Vous n’avez pas pris ce quiz